Pokemon Types in 60 seconds - Statistics

General Stats
  • This quiz has been taken 1,044 times
  • The average score is 14 of 18
Answer Stats
AnswerDragon % Correct
Fire
96%
Water
96%
Grass
91%
Fairy
90%
Dragon
88%
Dark
86%
Ground
82%
Steel
81%
Rock
80%
Ghost
76%
Ice
74%
Electric
73%
Flying
73%
Psychic
70%
Fighting
69%
Normal
66%
Poison
66%
Bug
65%
No matching quizzes found
Score Distribution
Percent of People with Each Score
Percentile by Number Answered
Your Score History
You have not taken this quiz